000 00598nam a22001937a 4500
003 OSt
005 20251024021557.0
008 251021b |||||||| |||| 00| 0 eng d
020 _a0-534-603061-8.
040 _aDWCL-Main lib
_cOC
082 _aCirc. 302.23 B577m 2005
100 _aBiagi, Shirley
245 _aMedia impact :
_ban introduction to mass media
260 _aUSA :
_bThomson/Wadsworth,
_cc2005.
300 _axxv, 408 pages :
_billustration ;
_c27 cm.
504 _aIncludes bibliographical references and index.
650 _21. Mass media
942 _2ddc
_cBK-CIRC
_e7th ed.
_kCirc.
_n0
999 _c4949
_d4949